00793nam a2200193Ia 4500008004100000020002000041082002100061100002500082245009800107260004000205300001200245365002900257366000800286505002000294530000900314620008000323630009800403730009800501100315s9999 xx 000 0 und d a0-06-016129-9  b2713 a909.82  a"DRUCKER, PETER F. " aNEW REALITIES: IN GOVERNMENT AND POLITICS/IN ECONOMICS AND BUSINESS/IN SOCIETY AND WORLD VIEW aNew Delhi bAsian Books  c1991  a276P   eAus.Sch. d1 b70.00  f0  gTushar Jadhav  b-   a"The Political Realities, Government & Political Process,Economy,Ecology " aNEW REALITIES: IN GOVERNMENT AND POLITICS/IN ECONOMICS AND BUSINESS/IN SOCIETY AND WORLD VIEW aNEW REALITIES: IN GOVERNMENT AND POLITICS/IN ECONOMICS AND BUSINESS/IN SOCIETY AND WORLD VIEW